|
|
|
|
| LEADER |
00000nam a22000007a 4500 |
| 005 |
2019101503023.0 |
| 007 |
cr|||| |||| |
| 008 |
191015s2019 co |||||s|||| 00||0 spa d |
| 020 |
|
|
|a 978-958-52024-9-8
|
| 035 |
|
|
|a 30510
|
| 040 |
|
|
|a vLex
|
| 090 |
|
|
|c 9838
|d 9838
|
| 100 |
1 |
|
|a Guacaneme P., Ramn̤ Eduardo
|
| 245 |
1 |
0 |
|a Nuevo rǧimen aduanero colombiano 2019
|h [Recurso electrn̤ico] /
|c Ramn̤ Eduardo Guacaneme P.
|
| 256 |
|
|
|a Servicio en ln̕ea
|
| 260 |
|
|
|a Bogot:̀
|b Grupo Editorial Nueva Legislacin̤,
|c 2019
|
| 300 |
|
|
|a 1 recurso electrn̤ico
|
| 506 |
1 |
|
|a Disponible solo en los productos indicados
|d vLex Global
|d vLex Global (Academic Edition, excluding Law Schools)
|d vLex Global (U.S. Academic Edition, Law Schools)
|d vLex Global (U.S. Academic Edition, excluding Law Schools)
|d vLex Global (Academic Edition, Law Schools)
|
| 650 |
0 |
4 |
|a Derecho Pb︢lico y Administrativo
|z Colombia
|
| 740 |
0 |
|
|a vLex Libros (Servicio en ln̕ea)
|
| 856 |
4 |
0 |
|u http://vlex.com/source/nuevo-regimen-aduanero-colombiano-2019-30510
|z Acceso restringido
|
| 942 |
|
|
|c BOOK
|
| 999 |
0 |
|
|a Public and Administrative Law
|